000 00968cam a22003017a 4500
001 23053611
003 NUST
005 20230412165857.0
008 230407s2001 ja a 001 0 eng
010 _a 2022418748
020 _a9781609839550
040 _aDLC
_beng
_erda
_cDLC
042 _apcc
082 _2343.07869
_a23
_bIBC
245 0 0 _aIBC :
_bInternational building code, 2021 /
_cInternational Code Council.
246 1 _iTitle on copyright page:
_a2021 International building code
246 3 _aInternational building code, 2021
246 1 8 _a2021 IBC :
_bInternational building code
250 _a2021 edition.
264 1 _aCountry Club Hills, IL :
_bInternational Code Council,
_c2020.
300 _apages cm
336 _atext
_btxt
_2rdacontent
337 _aunmediated
_bn
_2rdamedia
338 _avolume
_bnc
_2rdacarrier
906 _a0
_bibc
_corignew
_d2
_encip
_f20
_gy-gencatlg
942 _2ddc
_cBK
999 _c594473
_d594473